[Event "Liape Magistral 02-A email"]
[Site "Liape email"]
[Date "2002.08.12"]
[Round "8"]
[White "Duffy, Brian"]
[Black "Lopez Martin, Hector Eduardo"]
[Result "1-0"]
[WhiteElo "1600"]
[BlackElo "1600"]
[PlyCount "31"]
[EventDate "2002.08.05"]
[EventType "tourn (corr)"]
[EventRounds "8"]
[EventCountry "ARG"]
[SourceTitle "Corr 2006"]
[Source "ChessBase"]
[SourceDate "2006.04.01"]
[SourceVersion "3"]
[SourceVersionDate "2006.04.01"]
[SourceQuality "1"]

1. e4 c5 2. Nf3 d6 3. d4 cxd4 4. Nxd4 Nf6 5. Nc3 e6 6. g4 Be7 7. g5 Nfd7 8. Ndb5 Nb6 9. Bf4 e5 10. Be3 a6 11. Bxb6 Qxb6 12. Nd5 Qa5+ 13. b4 Qd8 14. Nbc7+ Kf8 15. Nxa8 Be6 16. Nab6 1-0

[Event "Liape Magistral 02-A email"]
[Site "Liape email"]
[Date "2002.08.10"]
[Round "6"]
[White "Duffy, Brian"]
[Black "Vallejo Fernandez, Luis"]
[Result "0-1"]
[WhiteElo "1600"]
[BlackElo "1900"]
[PlyCount "34"]
[EventDate "2002.08.05"]
[EventType "tourn (corr)"]
[EventRounds "8"]
[EventCountry "ARG"]
[SourceTitle "Corr 2006"]
[Source "ChessBase"]
[SourceDate "2006.04.01"]
[SourceVersion "3"]
[SourceVersionDate "2006.04.01"]
[SourceQuality "1"]

1. e4 e5 2. Nf3 d6 3. Bc4 Be6 4. Bxe6 fxe6 5. d3 Nf6 6. Nc3 Qd7 7. Qe2 Be7 8. h3 0-0 9. Be3 c5 10. 0-0 Nc6 11. Rad1 Rae8 12. Nb1 d5 13. Bc1 Bd6 14. c4 Bc7 15. b3 h6 16. Na3 Qf7 17. Nc2 Nh5 0-1